Statistics for Linked answers #1

Click here to take the quiz!

General Stats

  • This quiz has been taken 45 times
  • The average score is 4 of 7

Answer Stats

HintAnswer% Correct
Second planet from the sun?Venus
98%
Cartoon character fond of spinach?Popeye
91%
Pop star died in Minneapolis in 2016?Prince
63%
Murdered by Mark Chapman in 1980?John Lennon
60%
Female star of the film Sliding Doors?Gwyneth Paltrow
35%
Lead singer of Happy Mondays?Shaun Ryder
35%
MISSING LINKFruit (venus sang by Bananarama)Prince sang Raspberry beret John Lennon sang Strawberry Field forever Gwyneth Paltrows son is Apple Shaun Ryder was in band Black Grape Popeyes girlfriend was Olive Oyl
0%

Score Distribution

Percentile by Number Answered

Percent of People with Each Score

Your Score History

You have not taken this quiz